000 00630nam a2200205 a 4500
005 20240806064123.0
008 991125m19701983mx 000 0 spa u
020 _a9682300339
035 _aUPN01000037565
049 _aCG
050 4 _aHX55
_bR4.48
100 1 _aReich, Wilhelm,
_d1897-1957
_929446
245 1 0 _aMaterialismo dialéctico y psicoanálisis /
_cpor Wilhelm Reich ; tr. Renate Von Hanfsstengel de Sevilla.
260 _aMéxico :
_bSiglo XXI,
_c1970 (1983 impr.).
300 _a246 p.
440 0 _aMínima ;
_v40
650 4 _aMaterialismo dialéctico
_94555
650 4 _aPsicoanálisis
_91572
905 _aLibro
999 _c37565
_d37565